[Event "Krefeld op"]
[Site "Krefeld"]
[Date "2022.08.05"]
[Round "3"]
[White "Bartels, Simon"]
[Black "Cieslik, Thomas"]
[Result "1-0"]
[WhiteElo "1791"]
[BlackElo "1530"]
[PlyCount "87"]
[EventDate "2022.08.04"]
[EventType "swiss"]
[EventRounds "9"]
[EventCountry "GER"]
[SourceTitle "CBM 209 Extra"]
[Source "ChessBase"]
[SourceDate "2022.09.30"]
[SourceVersion "1"]
[SourceVersionDate "2022.09.30"]
[SourceQuality "1"]

1. e4 e6 2. d4 d5 3. exd5 exd5 4. Bd3 Bd6 5. c3 Nf6 6. h3 0-0 7. Ne2 Be6 8. 0-0 Nbd7 9. Bf4 Bxf4 10. Nxf4 Re8 11. Re1 Nf8 12. Nd2 Qd6 13. Qf3 c6 14. Nf1 Bd7 15. Ng3 Rxe1+ 16. Rxe1 Re8 17. Rxe8 Nxe8 18. Bc2 Nf6 19. Nd3 Bc8 20. Ne5 Qe7 21. h4 Be6 22. h5 N6d7 23. Ng4 Qg5 24. Ne3 Nf6 25. b3 Ng4 26. Nxg4 Bxg4 27. Qe3 Qxe3 28. fxe3 Nd7 29. e4 dxe4 30. Nxe4 Bxh5 31. Nd6 b5 32. Nc8 Bg4 33. Ne7+ Kf8 34. Nxc6 a6 35. Nb4 Nb8 36. Kf2 Bc8 37. Be4 f5 38. Bf3 Ke8 39. Nd5 Kd7 40. Ke3 Kd6 41. c4 bxc4 42. bxc4 Nd7 43. c5+ Ke6 44. Nb6 1-0

[Event "Krefeld op"]
[Site "Krefeld"]
[Date "2022.08.04"]
[Round "1"]
[White "Liebelt, Jannik"]
[Black "Cieslik, Thomas"]
[Result "1-0"]
[WhiteElo "2094"]
[BlackElo "1530"]
[PlyCount "75"]
[EventDate "2022.08.04"]
[EventType "swiss"]
[EventRounds "9"]
[EventCountry "GER"]
[SourceTitle "CBM 209 Extra"]
[Source "ChessBase"]
[SourceDate "2022.09.30"]
[SourceVersion "1"]
[SourceVersionDate "2022.09.30"]
[SourceQuality "1"]

1. d4 Nf6 2. Nf3 e6 3. g3 b6 4. Bg2 Bb7 5. 0-0 d5 6. c4 c5 7. cxd5 exd5 8. Nc3 Nc6 9. Bf4 Bd6 10. dxc5 Bxf4 11. gxf4 bxc5 12. Ne5 Ne7 13. Qa4+ Nd7 14. Rfd1 f6 15. Qxd7+ Qxd7 16. Nxd7 Kxd7 17. Nxd5 Nxd5 18. Bxd5 Bxd5 19. Rxd5+ Kc6 20. Rad1 Rhe8 21. e3 Re7 22. Rd6+ Kb5 23. Kg2 Rc8 24. Kf3 f5 25. R1d5 g6 26. h4 Rc6 27. Ke2 Rxd6 28. Rxd6 a5 29. h5 Rg7 30. h6 Rc7 31. Kd3 c4+ 32. Kc3 Kc5 33. Rd4 Kb5 34. a4+ Kxa4 35. Rxc4+ Rxc4+ 36. Kxc4 g5 37. fxg5 f4 38. b3+ 1-0